Pohádka o Ježíškovi z Božího Daru /

Hlavní autor: Valach, Ladislav
Další autoři: Žemličková, Julie
Jazyk: Čeština
Vydáno: [Ostrov] : [Ladislav Valach], 2024
Vydání: První vydání
Témata:
Fyzický popis: 41 nečíslovaných stran : barevné ilustrace ; 28 cm
Knihy
Uloženo v:
LEADER 01476nam a2200421 i 4500
001 nkc20243611311
003 CZ PrNK
005 20250115081457.0
007 ta
008 240612s2024 xr a b 000 j cze
015 |a cnb003611311 
020 |a 978-80-11-06033-6  |q (vázáno) 
035 |a (OCoLC)1498299728 
040 |a BOA001  |b cze  |e rda 
072 7 |a 821.162.3-3  |x Česká próza  |2 Konspekt  |9 25 
072 7 |a 821-93  |x Literatura pro děti a mládež (beletrie)  |2 Konspekt  |9 26 
080 |a 821.162.3-32  |2 MRF 
080 |a 821-93  |2 MRF 
080 |a (0:82-32)  |2 MRF 
100 1 |a Valach, Ladislav  |7 xx0326983  |4 aut  |4 pbl 
245 1 0 |a Pohádka o Ježíškovi z Božího Daru /  |c Ladislav Valach ; ilustrovala Julie Žemličková 
250 |a První vydání 
264 1 |a [Ostrov] :  |b [Ladislav Valach],  |c 2024 
264 3 |b Polypress s.r.o. 
300 |a 41 nečíslovaných stran :  |b barevné ilustrace ;  |c 28 cm 
336 |a text  |b txt  |2 rdacontent 
337 |a bez média  |b n  |2 rdamedia 
338 |a svazek  |b nc  |2 rdacarrier 
655 7 |a české příběhy  |7 fd133973  |2 czenas 
655 7 |a publikace pro děti  |7 fd133156  |2 czenas 
655 9 |a Czech stories  |2 eczenas 
655 9 |a children's literature  |2 eczenas 
700 1 |a Žemličková, Julie  |7 xx0326984  |4 ill 
910 2 |a BOA001  |b 3-1535.656 
990 |a BK 
995 |a 01 
991 |b 202501  |c NOV 
996 6 |b 2610986470  |c 3-1535.656  |l MZK  |r Sklad / do 1 hodiny  |n 0  |p p.v.  |w 001987953  |u 000010  |a 1  |e BOA001  |j MZK50  |s P